Basic First Aid Acronyms - Statistics

General Stats
  • This quiz has been taken 10 times
  • The average score is 9 of 18
Answer Stats
Hint Answer % Correct
A in ABCs Airway
100%
B in ABCs Breathing
100%
C in ABCs Circulation
100%
A in AVPU Alert (Patient is alert)
60%
O in OPQRST Onset (What started the pain)
60%
T in OPQRST Time (Precise as possible when the incident occured)
60%
P in AVPU Pain (Patient is responsive to painful stimuli)
40%
P in OPQRST Provocation (What makes the pain worse)
40%
Q in OPQRST Quality (Sharp, dull, etc.)
40%
S in OPQRST Severity (1-10)
40%
U in AVPU Unresponsive (Patient is unresponsive to all stimuli)
40%
V in AVPU Verbal (Patient is responsive to verbal stimuli)
40%
W in WARTS Warmth
40%
A in WARTS ABCs
20%
R in OPQRST Radiation & Region (Where, does the pain move?)
20%
R in WARTS Reassurance
20%
S in WARTS Semi-prone
20%
T in WARTS Treatment
20%
No matching quizzes found
Score Distribution
Percent of People with Each Score
Percentile by Number Answered
Your Score History
You have not taken this quiz